[Event "2011 African Individual Championship"]
[Site "Maputo, MOZ"]
[Date "2011.06.08"]
[Round "5.1"]
[White "Ezat, Mohamed (EGY)"]
[Black "Belouadah, Saad (ALG)"]
[Result "0-1"]
[WhiteElo "2453"]
[BlackElo "2342"]
[PlyCount "82"]
[EventDate "2011.06.04"]
[EventRounds "9"]
[EventCountry "MOZ"]

1. d4 Nf6 2. c4 e6 3. Nc3 Bb4 4. e3 c5 5. a3 Bxc3+ 6. bxc3 Nc6 7. Bd3 e5 8. Ne2
O-O 9. O-O d6 10. f3 b6 11. e4 h6 12. Be3 Bd7 13. Bf2 Rc8 14. Bh4 g5 15. Bf2
Nh5 16. d5 Ne7 17. a4 a5 18. g4 Nf4 19. Nxf4 exf4 20. e5 dxe5 21. Re1 f6 22. h4
Kg7 23. Kg2 Qc7 24. Rb1 Qd6 25. Rh1 $2 Rh8 26. Qb3 Rb8 27. Qd1 f5 28. gxf5 Nxf5
29. Kf1 gxh4 30. Ke1 Rhe8 31. Kd2 Qf6 32. Bxf5 Qxf5 33. Rxh4 Kh7 34. Qh1 Qf6
35. Qh2 Rg8 36. Rh1 Rg6 37. Rh5 Rbg8 38. Kc1 e4 39. Kb1 exf3 40. Kc1 Rg2 41.
Qh4 Bf5 0-1